000 00413nam a2200169Ia 4500
003 GCL
008 140319s9999 xx 000 0 eng d
040 _aGCL /
_cGCL
082 0 4 _a370.15
_bF P
100 1 _aFONTANA, DAVID
245 1 0 _aPSYCHOLOGY FOR TEACHERS /
_cFONTANA, DAVID
260 _a[S.N] :
_bMACMILLAN ،
_c1995
300 _a406 P
650 0 4 _aTEACHERS
650 0 4 _aEDUCATION
942 _2ddc
_cBK
999 _c24728
_d24728